Statistics for Fill the World Map - Walk Across Countries, from Angola to Venezuela with 5 swims!

Click here to take the quiz!

General Stats

  • This quiz has been taken 983 times
  • The average score is 79 of 149

Answers on the Map

Answers color-coded by a green-red scale on the quiz's map according to % correct below.
Loading ...
 

Answer Stats

# of lettersANSWER% Correct
Angol{a}
99%
7Namibia
81%
8Botswana
77%
5 6South Africa
76%
7Put one foot in {Lesotho} then get back in {South Africa}
74%
9Swaziland
73%
10Mozambique
73%
8Zimbabwe
70%
6Zambia
69%
6Malawi
69%
8Tanzania
69%
10 8 2 3 5Democratic Republic of the Congo
68%
6Rwanda
67%
7Burundi
67%
8 2 3 5Republic of the Congo
66%
5Gabon
65%
7 7 8Central African Republic
65%
5 5South Sudan
65%
8Djibouti
64%
5 6Saudi Arabia
64%
5Cross a disputed border to reach {Qatar}
64%
6 4 8United Arab Emirates
64%
4Oman
64%
5Cross Bab-el-Mandeb and reach {Yemen}
64%
8Cameroon
64%
7Eritrea
64%
8Ethiopia
64%
7Somalia
64%
5Kenya
64%
6Uganda
64%
10 6Equatorial Guinea
64%
5Cross Strait of Gibraltar and reach {Spain}
63%
5Syria
63%
4Iraq
63%
6Jordan
63%
7Lebanon
62%
6Kuwait
62%
5Egypt
62%
5Sudan
62%
4Chad
62%
5Libya
62%
7Tunisia
62%
7Algeria
62%
4Mali
62%
8Put one foot in {Portugal} then get back in {Spain}
62%
7 4Burkina Faso
61%
4 1 6Côte d'Ivoire
61%
4Togo
61%
5Niger
61%
6Israel
61%
5Benin
61%
7Nigeria
61%
5Ghana
60%
7Liberia
60%
6 5Sierra Leone
60%
6Guinea
60%
6France
60%
7Andorra
60%
7Morocco
60%
6Put one foot in {Monaco} then get back in {France}
59%
10Mauritania
59%
6Put one foot in {Gambia} then get back in {Senegal}
59%
7Senegal
59%
6 6Guinea-Bissau
59%
6Norway
58%
6Latvia
58%
7Cross Gulf of Finland and reach {Estonia}
58%
7Finland
58%
9Lithuania
58%
6Cross Øresund and reach {Sweden}
58%
7Germany
58%
11Netherlands
58%
7Belgium
58%
10Luxembourg
58%
7Denmark
58%
7Belarus
57%
7Ukraine
57%
7Moldova
56%
7Romania
56%
7Hungary
55%
8Slovakia
55%
6Poland
54%
5 8Czech Republic
54%
7Austria
54%
7 4Put one foot in {Vatican City} then get back in {Italy}
53%
3 6Put one foot in {San Marino} then get back in {Italy}
53%
5Italy
53%
11Switzerland
53%
13Liechtenstein
53%
8Slovenia
52%
7Croatia
52%
6 3 11Bosnia and Herzegovina
52%
6Serbia
52%
6Kosovo
51%
10Montenegro
50%
7Albania
50%
9Macedonia
49%
6Greece
49%
8Bulgaria
48%
6Turkey
48%
7Georgia
46%
10Azerbaijan
46%
7Armenia
45%
4Iran
45%
12Turkmenistan
44%
10Uzbekistan
44%
10Kazakhstan
43%
11Afghanistan
42%
10Kyrgyzstan
42%
10Tajikistan
42%
8Pakistan
41%
5India
41%
5Put one foot in {Nepal} then get back in {India}
41%
6Put one foot in {Bhutan} then get back in {India}
40%
10Bangladesh
40%
5Burma
40%
8Thailand
39%
8Put one foot in {Malaysia} then get back in {Thailand}
39%
6 6Cross Bering Strait and reach {United States}
39%
5 5Put one foot in {South Korea} then get back in {North Korea}
38%
6Russia
38%
4Laos
38%
8Put one foot in {Mongolia} then get back in {China}
38%
5China
38%
7Vietnam
38%
8Cambodia
38%
6Canada
38%
5 5North Korea
37%
6 6For the second time reach {United States}
36%
Mexico
36%
Belize
35%
Guatemala
34%
El Salvador
33%
Colombia
32%
Chile
32%
Ecuador
32%
Peru
32%
Panama
32%
Costa Rica
32%
Nicaragua
32%
Honduras
32%
Bolivia
31%
Paraguay
30%
Argentina
30%
Uruguay
29%
Brazil
29%
Suriname
28%
Guyana
28%
Venezuel{a}
28%

Score Distribution

Percentile by Number Answered

Percent of People with Each Score

Your Score History

You have not taken this quiz